Detalles MARC
| 000 -LIDER |
| fixed length control field |
00978nam a2200277 a 4500 |
| 001 - NÚMERO DE CONTROL |
| Identificador de número de control |
|
| 003 - IDENTIFICACDOR DE NÚMERO DE CONTROL |
| control field |
DO-SdBNP |
| 005 - DATE AND TIME OF LATEST TRANSACTION |
| control field |
20231009132308.0 |
| 008 - ELEMENTOS DE LONGITUD FIJA |
| fixed length control field |
100201s2003 ve 000 0 spa d |
| 020 ## - ISBN |
| International Standard Book Number |
9803172034 |
| 040 ## - FUENTE DE CATALOGACIÓN |
| Agencia que crea de manera original el registro |
DO-SdBNP |
| Idioma de catalogación |
spa |
| Agencia que realiza la transcripción |
BPMSU |
| 082 #4 - NÚMERO DE CLASIFICACIÓN DECIMAL DE DEWEY |
| Classification number |
364.98 |
| Item number |
C929v 2007 |
| Edition number |
22 |
| 245 14 - MENCIÓN DE TITULO |
| Título |
Criminalidad, violencia y desarrollo : |
| Subtítulo |
tendencia, costos y opciones de política públicas en el Caribe |
| Mención de responsabilidad |
|
| 246 13 - VARIACION DEL TÍTULO |
| Institución que aplica el campo |
Informe no. 37820 |
| 260 ## - PUBLICACIÓN, DISTRIBUCIÓN, ETC. (PIE DE IMPRENTA) |
| Lugar de publicación, distribución, etc |
[Santo Domingo] : |
| Nombre del editor, distribuidor, etc. |
Banco Mundial |
| Fecha de publicación, distribución, etc |
2007 |
| Nombre del editor, distribuidor, etc. |
|
| -- |
|
| -- |
|
| 300 ## - DESCRIPCIÓN FÍSICA |
| Extensión |
224 p. ; |
| Dimensiones |
23 cm. |
| 504 ## - NOTA DE BIBLIOGRAFÍA, ETC. |
| Bibliography, etc |
Incluye referencias bilbiográficas y notas al pie de las páginas |
| 504 ## - NOTA DE BIBLIOGRAFÍA, ETC. |
| Bibliography, etc |
Bibliografía : p. 181-200 |
| 590 ## - NOTA LOCAL |
| Texto de la nota local |
Inventariado, 2023/VM |
| 650 #4 - ENCABEZAMIENTO DE MATERIA--TEMÁTICO |
| Término temático o nombre geográfico como elemento de entrada |
Violencia |
| Subdivisión geográfica |
América Latina. |
| Subdivisión de forma |
|
| 650 #4 - ENCABEZAMIENTO DE MATERIA--TEMÁTICO |
| Término temático o nombre geográfico como elemento de entrada |
Violencia |
| Subdivisión geográfica |
Caribe ( República Dominicana, Región) |
| Subdivisión de forma |
. |
| Fuente del encabezamiento o término |
|
| 650 #4 - ENCABEZAMIENTO DE MATERIA--TEMÁTICO |
| Término temático o nombre geográfico como elemento de entrada |
Violencia |
| Subdivisión temática general |
Prevención |
| Subdivisión geográfica |
Caribe (Región) |
| 710 2# - ASIENTO SECUNDARIO -- NOMBRE CORPORATIVO |
| Nombre corporativo o de jurisdicción |
Banco Mundial |
| 910 ## - VALIDACIÓN |
| Validación |
VMateo V. Control de calidad.BPMSU |
| 942 ## - ADDED ENTRY ELEMENTS (KOHA) |
| Source of classification or shelving scheme |
Dewey Decimal Classification |
| Koha item type |
Libros |